Szczegóły MARC21

Pomorski memoriał prawniczy przed królem polskim w roku 1469-1470 /

003 -Nazwa inst., której nr kontr. jest w polu 001 [,]
    • @
    • Nazwa instytucji, której n kontrolny jest w polu 001
    • NUKAT
005 -DATA I CZAS OSTATNIEJ MODYFIKACJI [,]
    • @
    • pole kontrolne
    • 20250512222727.0
040 -Instytucja sporządzająca opis [ , ]
    • a
    • Instytucja, która sporządziła opis (NP)
    • WA U/76MP
    • b
    • Język katalogowania
    • pol
    • e
    • Zasady katalogowania
    • rda
    • c
    • Instytucja, która sporządziła rekord (NP)
    • WA U/MP
    • d
    • Instytucja, która zmodyfikowała rekord (P)
    • WA U/76DP
    • d
    • Instytucja, która zmodyfikowała rekord (P)
    • GD U/as
    • d
    • Instytucja, która zmodyfikowała rekord (P)
    • GD U/ENs
    • d
    • Instytucja, która zmodyfikowała rekord (P)
    • OLSZT 008/AL
041 -Język dokumentu [0, ]
    • a
    • Język tekstu (P)
    • łaciński
    • a
    • Język tekstu (P)
    • polski
    • b
    • Język streszczeń lub abstraktu (P)
    • niemiecki
942 -Rodzaj dokumentu [ , ]
    • c
    • Rodzaj dokumentu
    • Książka
245 -Strefa tytułu i oznaczenia odpowiedzialności [0,0]
    • a
    • Tytuł
    • Pomorski memoriał prawniczy przed królem polskim w roku 1469-1470 / Find
    • c
    • Pozostałe elementy strefy tytułu i oznaczenia odpowiedzialności (NP)
    • wydał i przedmową opatrzył Leon Babiński.
250 -Strefa wydania [ , ]
    • a
    • Oznaczenie wydania (NP)
    • Wydanie I.
260 -Strefa adresu wydawniczego [ , ]
    • a
    • Miejsce wydania (P)
    • Szczecin :
    • b
    • Nazwa wydawcy (P)
    • Szczecińskie Towarzystwo Naukowe ;
    • a
    • Miejsce wydania (P)
    • Poznań :
    • b
    • Nazwa wydawcy (P)
    • Państwowe Wydawnictwo Naukowe,
    • c
    • Data wydania (P)
    • 1961.
300 -Strefa opisu fizycznego [ , ]
    • a
    • Określenie formy książki i/lub objętość (NP)
    • 50, [1] strona, [2] strony tablic :
    • b
    • Oznaczenie ilustracji (NP)
    • ilustracje ;
    • c
    • Format (NP)
    • 24 cm.
336 -Typ zawartości [ , ]
    • a
    • Termin opisujący typ zawartości
    • Tekst
    • b
    • Kod określający zawartość
    • txt
    • 2
    • Źródło (terminu i kodu)
    • rdacontent
337 -Typ mediów [ , ]
    • a
    • Tryb odtwarzania
    • Bez urządzenia pośredniczącego
    • b
    • Kod typu mediów
    • n
    • 2
    • Źródło (terminu i kodu)
    • rdamedia
338 -Typ/rodzaj nośnika [ , ]
    • a
    • Hasło opisujące typ nośnika
    • Wolumin
    • b
    • Kod typu nośnika
    • nc
    • 2
    • Źródło (terminu i kodu)
    • rdacarrier
490 -Strefa serii i książki wielotomowej - forma nie do wyszukiwania [1, ]
    • a
    • Tytuł (P)
    • Societas Scientiarum Stetinensis ; Find
    • v
    • Numeracja (P)
    • t. 1, z. 2
830 -Hasło dodatkowe serii i opisu książki wielotomowej - tytuł ujednolicony/tytuł [ ,0]
    • a
    • Tytuł ujednolicony/tytuł (NP)
    • Szczecińskie Towarzystwo Naukowe.
    • p
    • Nazwa części/podserii/sekcji (P)
    • Wydział Nauk Społecznych
    • x
    • ISSN
    • 0082-1292
    • v
    • Oznaczenie tomu (NP)
    • t. 1, z. 2
    • 9
    • KHW
    • 16665
546 -Uwaga dot. języka [ , ]
    • a
    • Uwaga dot. języka
    • Tekst w języku łacińskim.
546 -Uwaga dot. języka [ , ]
    • a
    • Uwaga dot. języka
    • Streszcz. niem.
080 -Uniwersalna Klasyfikacja Dziesiętna [ , ]
    • a
    • Symbol klasyfikacji
    • 943.816/.817'825
080 -Uniwersalna Klasyfikacja Dziesiętna [ , ]
    • a
    • Symbol klasyfikacji
    • :943.8.03(093)=71=84
651 -Hasło przedmiotowe w formie nazwy geograficznej [ ,7]
    • a
    • Nazwa geograficzna
    • Pomorze Zachodnie (Polska ; region)
    • y
    • Określnik chronologiczny
    • 15 w.
    • 2
    • Źródło terminu
    • kaba
    • 9
    • KHW
    • 416183
651 -Hasło przedmiotowe w formie nazwy geograficznej [ ,7]
    • a
    • Nazwa geograficzna
    • Pomorze Zachodnie (Polska ; region)
    • y
    • Określnik chronologiczny
    • 15 w.
    • v
    • Określnik formalny
    • źródła.
    • 2
    • Źródło terminu
    • kaba
    • 9
    • KHW
    • 416182
980 -Symbol UKD [ , ]
    • a
    • UKD
    • 943.816/.817'825:943.8.03(093)=71=84
700 -Hasło dodatkowe - nazwa osobowa [1, ]
    • a
    • Nazwa osobowa (NP)
    • Babiński, Leon Find
    • d
    • Daty biograficzne (NP)
    • (1891-1973).
    • e
    • Określenie rodzaju współpracy
    • Przedmowa
    • e
    • Określenie rodzaju współpracy
    • Wydawca
    • 9
    • KHW
    • 88259
710 -Hasło dodatkowe - nazwa ciała zbiorowego [2, ]
    • a
    • Nazwa ciała zbiorowego lub nazwa geograficzna jako pierwszy element (NP)
    • Szczecińskie Towarzystwo Naukowe.
    • e
    • Rodzaj współpracy
    • Wydawca
    • 4
    • Kod relacji
    • pbl
    • 9
    • KHW
    • 41567
710 -Hasło dodatkowe - nazwa ciała zbiorowego [2, ]
    • a
    • Nazwa ciała zbiorowego lub nazwa geograficzna jako pierwszy element (NP)
    • Państwowe Wydawnictwo Naukowe (1951-1992).
    • e
    • Rodzaj współpracy
    • Wydawca
    • 4
    • Kod relacji
    • pbl
    • 9
    • KHW
    • 52048
Numer inwentarzowy Sygnatura Status udost. Lokalizacja Data inwentaryzacji
E.7982 -6BE 
Z.86819Z.868191BG1995-06-22
H.5225 1BNS1995-06-22
H.5420 -3BNS1995-06-22
H.5421 -3BNS1995-06-22
H.8542 -3BNS2000-02-04
M.2814 2H2000-02-04